ბათუმის შოთა რუსთაველის სახელმწიფო უნივერსიტეტის ბიბლიოთეკა

ადამიანური რესურსის მენეჯმენტი / (ბიბ.ჩანაწერი № 51416)

000 -ლიდერი
ფიქსირებული სიგრძის საკონტროლო ველი 01688nam a2200289Ia 4500
001 - საკონტროლო ნომერი
საკონტროლო ველი 18402
003 - საკონტროლო ნომრის იდენტიფიკატორი
საკონტროლო ველი GE_BSU
005 - ბოლო ოპერაციის თარიღი და დრო
საკონტროლო ველი 20230606150830.0
008 - ფიქსირებული სიგრძის მონაცემთა ელემენტები - ზოგადი ინფორმაცია
ფიქსირებული სიგრძის საკონტროლო ველი 181216s1999||||ge |||||||||||||| ||geo||
040 ## - კატალოგიზაციის წყარო
Transcribing agency GE_BSU
041 ## - ენის კოდი
Language code of text/sound track or separate title geo
080 ## - უნივერსალური ათობითი კლასიფიკაციის ინდექსი
Universal Decimal Classification number 005.95/96(075.8) ა-26
245 ## - ცნობა სათაურის შესახებ
Title ადამიანური რესურსის მენეჯმენტი /
Statement of responsibility, etc [პროექტის ავტ. და რედ.: ია კუტალაძე; მთარგმნ.: ელისაბედ ბურნაძე, თამარ გაგოშიძე, რუსუდან მეძმარიაშვილი და სხვ.].
264 ## - წარმოების, გამოცემის, დისტრიბუციის და სხვა ცნობები
გამოცემის, წარმოების, დისტრიბუციის... ადგილი თბილისი:
გამოცემის, წარმოების, დისტრიბუციის... სახელწოდება შპს არადანი,
გამოცემის, წარმოების, დისტრიბუციის... თარიღი 1999.
300 ## - ფიზიკური აღწერა
Extent 444 გვ.;
Other physical details 22 სმ.
504 ## - BIBLIOGRAPHY, ETC. NOTE
Bibliography, etc ბიბლიოგრ.: გვ. 441-443.
653 ## - INDEX TERM--UNCONTROLLED
Uncontrolled term ადამიანური რესურსის მენეჯმენტი
653 ## - INDEX TERM--UNCONTROLLED
Uncontrolled term კადრების მენეჯმენტი
700 ## - ADDED ENTRY--PERSONAL NAME
Personal name კუტალაძე, ია
Relator term რედაქტორი
9 (RLIN) 13573
700 ## - ADDED ENTRY--PERSONAL NAME
Personal name კუტალაძე, ია
Relator term პროექტის ავტორი, რედაქტორი
9 (RLIN) 13573
700 ## - ADDED ENTRY--PERSONAL NAME
Personal name ბურნაძე, ელისაბედ
Relator term მთარგმნელი
9 (RLIN) 18515
700 ## - ADDED ENTRY--PERSONAL NAME
Personal name გაგოშიძე, თამარ,
Relator term მთარგმნელი
9 (RLIN) 14597
700 ## - ADDED ENTRY--PERSONAL NAME
Personal name მეძმარიაშვილი, რუსუდან
Relator term მთარგმნელი.
9 (RLIN) 18516
700 ## - ADDED ENTRY--PERSONAL NAME
Personal name სუბელიანი, დავით
Relator term მთარგმნელი
9 (RLIN) 18517
942 ## - ADDED ENTRY ELEMENTS (KOHA)
Koha item type წიგნი
Source of classification or shelving scheme
ეგზემპლარები
ჩამოწერის სტატუსი დაკარგული ეგზემპლარის სტატუსი კლასიფიკაციის წყარო ან თაროზე გაწყობის სქემა დაზიანების სტატუსი არ გაიცემა მუდმივი მდებარეობა (დაცვის ადგილი) ამჟამინდელი ადგილსამყოფელი თაროზე განთავსების ადგილი შეძენის თარიღი ღირებულება, შესყიდვის ნორმალური ფასი შტრიხკოდი ბოლო ოპერაციის თარიღი ფასის ძალაში შესვლის თარიღი ეგზემპლარის სახეობა საჯარო შენიშვნა
          ბათუმის შოთა რუსთაველის სახელმწიფო უნივერსიტეტის მთავარი ბიბლიოთეკა ბათუმის შოთა რუსთაველის სახელმწიფო უნივერსიტეტის მთავარი ბიბლიოთეკა წიგნსაცავი 2023-06-06 12.00 ქსეროასლი 2023-06-06 2023-06-06 ქსეროასლი 12 ლ.